Reconstrucción de significados del Cálculo Integral: la noción de acumulación como una argumentación
Na minha lista:
| Autor principal: | |
|---|---|
| Formato: | Livro |
| Idioma: | espanhol |
| Publicado em: |
Cuernavaca
Grupo Editorial Iberoamérica
2003
|
| Assuntos: | |
| Tags: |
Adicionar Tag
Sem tags, seja o primeiro a adicionar uma tag!
|
MARC
| LEADER | 00000cam a2200000 a 4500 | ||
|---|---|---|---|
| 001 | UCF3494 | ||
| 003 | CL-VaPUC | ||
| 008 | 121018e20030000MX |||||||||||||||||spa|d | ||
| 020 | |a 9706251154 | ||
| 082 | 0 | 4 | |a 515.45 |b COR |2 21 |
| 100 | 0 | |a Cordero Osorio, Francisco |e author |9 565318 | |
| 245 | 1 | 0 | |a Reconstrucción de significados del Cálculo Integral: la noción de acumulación como una argumentación |
| 300 | |a 269 p | ||
| 942 | |c BK | ||
| 945 | |d 20121018 00:00:00 |a dcastane | ||
| 260 | |a Cuernavaca |b Grupo Editorial Iberoamérica |c 2003 | ||
| 650 | 0 | |a Cálculo integral |9 260103 | |
| 650 | 7 | |a TEORIA DE LA INTEGRACION |2 CL-VaPUC |9 424876 | |
| 650 | 0 | |a Historia de las matemáticas |9 265664 | |
| 583 | |a last modification |c 20121018 14:27:00 |k Rodrigo Vera | ||
| 999 | |c 349797 |d 349795 | ||
| 952 | |0 0 |1 0 |4 0 |6 515_450000000000000_COR_2003 |7 0 |8 A |9 452584 |a BIBMAT |b BIBMAT |d 2019-11-22 |i 4915194 |o 515.45 COR 2003 |p 4915194 |r 2025-01-07 |w 2019-11-22 |y BK |k MAT | ||
| 952 | |0 0 |1 0 |4 0 |6 515_450000000000000_COR_2003 |7 0 |8 A |9 452586 |a BIBMAT |b BIBMAT |d 2019-11-22 |i 4915216 |o 515.45 COR 2003 |p 4915216 |r 2025-01-07 |w 2019-11-22 |y BK |k MAT | ||